Newest UN members Quiz Stats

 Plays Quiz not verified by Sporcle

Score 0/15 Timer 02:00
0 Plays Today
Year of admission UN member % Correct
2011South Sudan
89.2%
2006Montenegro
89.2%
2000Serbia
86.5%
2002East Timor
67.6%
1993Macedonia
67.6%
1994Palau
62.2%
1993Slovakia
59.5%
1999Nauru
56.8%
Year of admission UN member % Correct
2000Tuvalu
54.1%
1993Eritrea
48.6%
2002Switzerland
43.2%
1999Tonga
32.4%
1993Andorra
24.3%
1993Monaco
24.3%
1999Kribati
8.1%

You're not logged in!

Compare scores with friends on all Sporcle quizzes.
OR
Log In

Sporcle TV

Today on Sporcle TV


Watch our educational content, quiz creation guides, and fun videos on Sporcle TV.

Show Comments

Extras

Created Aug 26, 2015ReportNominate
Tags:admission

Top Quizzes Today


Score Distribution

Your Account Isn't Verified!

In order to create a playlist on Sporcle, you need to verify the email address you used during registration. Go to your Sporcle Settings to finish the process.

Report this User

Report this user for behavior that violates our Community Guidelines.

Details: